01458 2200229 4500001002100000005001500021035002000036245008500056100002100141300002400162700003700186260004600223082001100269084001700280020002200297650001700319520079400336008004101130990001901171990001901190990001901209INLIS00000000001454020241204015802 a0010-12240000041 aDakwah moderat :bParadigma dan strategi dakwah Syekh Gazali /cDindin Solahudin0 aDindin Solahudin av, 238 hlm.; 24 cm.0 aIqbal Triadi Nugraha (Penyunting aBandung :bSimbiosa Rekatama Media,c2020 a297.74 a297.74 DIN d a978-602-7973-96-1 aDakwah Islam aSeiring dengan proses perubahan sosial dan intelektual, perspektif umat Islam atas modernisasi dengan berbagai nilai yang dibawanya mengalami polarisasi. Dinamika pemikiran dan pergerakan dakwah pun mengalami perkembangan dan terbagi-bagi, yakni ekstrem kanan , ekstrem kiri, dan moderat. Di tengah perseteruan dua kubu ekstrem dalam bidang dakwah islam, konsep dakwah moderat diharapkan mampu menyediakan alternatif. Buku ini memusatkan kajian pada paradigma dan strategi dakwah moderat Syekh Gazali. Paradigma yang ditawarkan, yakni paradigma konstruktif, paradigma kritis, dan paradigma moderat; dan strategi dakwah yang fokus pada sendi-sendi universal, yang bisa mempersatukan masyarakat Islam, dan menghindari permasalahan kecil particular, yang sejauh ini membuat umat terpecah.241204 e 0 ind  a024.3176/PC/24 a024.3177/PC/24 a024.3178/PC/24